| 000 | 00842nam2a2200253 4500 | ||
|---|---|---|---|
| 001 | RU\NLR\bibl\1405810 | ||
| 005 | 20250615205636.0 | ||
| 010 |
_a978-5-699-36681-1 _bт.1 |
||
| 021 |
_aRU _b2009-61162 _9317д |
||
| 021 |
_aRU _b2009-93169 _9444д |
||
| 035 | _a(NLR Aleph) 001397809 | ||
| 090 |
_a1203229 _c1203229 |
||
| 100 | _a20090831d2009 |||y0rusy50 ca | ||
| 101 | 1 |
_arus _cfre |
|
| 102 | _aRU | ||
| 105 | _ay ||||||||| | ||
| 200 | 0 | _aТ. 1 | |
| 215 | _a220, [2] с. | ||
| 461 | 0 |
_1001RU\NLR\bibl\1682912 _12001#$aВолки Лозарга$vТ. 1 _91059935 _aБенцони, Ж. (1920-) _cМосква _d2009 _fЖюльетта Бенцони _nЭксмо _o[в 2 т.] _tВолки Лозарга _y978-5-699-36683-5 _vТ. 1 |
|
| 801 | 0 |
_aRU _bNLR _c20090831 _gRCR |
|
| 801 | 1 |
_aRU _bNLR _c20090831 |
|
| 942 | _cBOOK | ||
| 980 | _aNB | ||